Úsvit všeho Nová historie lidstva
Saved in:
| Main Author | |
|---|---|
| Other Authors | |
| Format | Electronic eBook |
| Language | Czech |
| Published |
Jan Melvil Publishing
2024
|
| Edition | 1. elektronické vydání |
| Subjects | |
| Online Access | Dostupné v BOOKPORT po přihlášení pomocí eduID |
| ISBN | 978-80-7555-205-1 978-80-7555-204-4 |
| Physical Description | 1 online zdroj (648 stran) |
| LEADER | 00000nam a2200000 i 4500 | ||
|---|---|---|---|
| 001 | bkp475059500 | ||
| 003 | CZ-prgp | ||
| 005 | 20240216120811.0 | ||
| 006 | m o d | ||
| 007 | cr cn | ||
| 008 | 240216s2024 xr o 000 0 cze | ||
| 020 | |a 978-80-7555-205-1 |c 499 Kč |q (online ; epub) | ||
| 020 | |a 978-80-7555-204-4 |c 699 Kč |q (print) | ||
| 040 | |a Grada |b cze |e rda | ||
| 100 | 1 | |a David, Wengrow | |
| 245 | 1 | 0 | |a Úsvit všeho |b Nová historie lidstva |c Wengrow David, Graeber David |
| 250 | |a 1. elektronické vydání | ||
| 264 | 1 | |b Jan Melvil Publishing |c 2024 | |
| 300 | |a 1 online zdroj (648 stran) | ||
| 336 | |a text |b txt |2 rdacontent | ||
| 337 | |a počítač |b c |2 rdamedia | ||
| 338 | |a online zdroj |b cr |2 rdacarrier | ||
| 520 | 3 | |a LOVCI A SBĚRAČI BYLI ORGANIZOVANĚJŠÍ, NEŽ SI MYSLÍTE. A NĚKTERÁ Z PRVNÍCH MĚST SVOBODNĚJŠÍ, NEŽ BY VÁS NAPADLO. Dlouhé tisíce let jsme údajně žili v absolutně rovnostářských kmenech - než jsme vynalezli zemědělství a s ním také bohatství a chudobu, byrokracii a krutovládce. Učitelé dějepisu i autoři bestsellerů o historii tento jednoduchý příběh milují. Profesoři David Graeber a David Wengrow nyní však na spoustě příkladů dokládají, že jde o pouhý výmysl. A že skutečnost byla nesrovnatelně zajímavější a rozmanitější, než nás učili ve školních lavicích. Kniha Úsvit všeho stojí na přesvědčivých, ale dosud často opomíjených faktech z oblasti archeologie, historie a kulturní antropologie. Okamžitě se v těchto oborech stala světovou událostí a vyvolala diskuse, které budou probíhat ještě dlouhá léta. | |
| 650 | 0 | 4 | |a Historie |
| 700 | 1 | |a Graeber David | |
| 856 | 4 | 0 | |u https://www.bookport.cz/AccountSaml/SignIn/?idp=https://shibboleth.utb.cz/idp/shibboleth&returnUrl=/kniha/usvit-vseho-12421/ |y Dostupné v BOOKPORT po přihlášení pomocí eduID |